[Event "IECG C1.1999.0.00222"]
[Site "IECG email"]
[Date "1999.07.09"]
[Round "?"]
[White "Alonso, Juan Jose"]
[Black "Eaves, Martyn"]
[Result "1-0"]
[WhiteElo "1860"]
[BlackElo "1800"]
[PlyCount "37"]
[EventDate "1999.07.02"]
[EventType "tourn (corr)"]
[EventRounds "6"]
[SourceTitle "Corr 2008"]
[Source "ChessBase"]
[SourceDate "2008.06.24"]
[SourceVersion "1"]
[SourceVersionDate "2008.06.24"]
[SourceQuality "1"]

1. e4 e5 2. Nf3 Nc6 3. Bb5 Nf6 4. 0-0 Nxe4 5. d4 exd4 6. Re1 d5 7. Nxd4 Bd7 8. Bxc6 Bxc6 9. Nxc6 bxc6 10. f3 Bc5+ 11. Be3 d4 12. Bf2 0-0 13. Rxe4 Re8 14. Nd2 Qd5 15. Nb3 f5 16. Rxe8+ Rxe8 17. Nxc5 Qxc5 18. Bxd4 Qd5 19. Bxa7 1-0

[Event "IECG C1.1999.0.00222"]
[Site "IECG email"]
[Date "1999.07.09"]
[Round "?"]
[White "Eaves, Martyn"]
[Black "Cielak, Daniel"]
[Result "0-1"]
[WhiteElo "1800"]
[BlackElo "1800"]
[PlyCount "42"]
[EventDate "1999.07.02"]
[EventType "tourn (corr)"]
[EventRounds "6"]
[SourceTitle "Corr 2008"]
[Source "ChessBase"]
[SourceDate "2008.06.24"]
[SourceVersion "1"]
[SourceVersionDate "2008.06.24"]
[SourceQuality "1"]

1. d4 Nf6 2. Nc3 d5 3. Nf3 Bf5 4. Bf4 e6 5. e3 c6 6. Bd3 Nbd7 7. Bxf5 exf5 8. Ne5 Be7 9. Qd3 Ne4 10. 0-0 Nb6 11. a3 f6 12. Nf3 g5 13. Bg3 h5 14. h4 Nc4 15. Na4 b5 16. b3 Nxe3 17. Qxe3 f4 18. Bxf4 gxf4 19. Qxf4 bxa4 20. b4 Qd7 21. c4 Qg4 0-1